000 00483nam a2200169Ia 4500
008 151213s9999 xx 000 0 und d
020 _a`0-07-283371-8
100 _aPhilph R. Cateora, John L. Graham
245 _aInternational Marketing
_cPhilph R. Cateora, John L. Graham
250 _a12th
260 _aNew York
_bMc Graw Hill , Irwin
_c2005
300 _a4970 p.
650 _aMarketing
650 _aMarketing
700 _aPhilph R. Cateora, John L. Graham
999 _c3103
_d3103